Historia Universitatis Carolinae Pragensis : sborník příspěvků k dějinám University Karlovy tomus 2. Fasc. 2

Saved in:
Bibliographic Details
Format: Book
Language:Czech
Published: Praha : Universita Karlova v Státním pedagogickém nakladatelství, 1961.
Edition:1. vyd.
Series:Acta Universitatis Carolinae 1961
ISBN: (brož.)
Physical Description: 156 s.
Tags: Add Tag
No Tags, Be the first to tag this record!

MARC

LEADER 00000nam a22000004a 4500
001 000463551
005 20150411101954.0
008 150411 1961 xr e cze d
020 |a (brož.)  |c Kčs 17,20 
040 |a SVKKK  |b slo  |c SVKKK  |e AACR2 
041 0 |a cze 
044 |a xr  |c CZ 
245 1 0 |a Historia Universitatis Carolinae Pragensis :  |b sborník příspěvků k dějinám University Karlovy  |n tomus 2. Fasc. 2 
250 |a 1. vyd. 
260 |a Praha :  |b Universita Karlova v Státním pedagogickém nakladatelství,  |c 1961. 
300 |a 156 s. 
490 1 |a Acta Universitatis Carolinae 1961 
830 0 |a Acta Universitatis Carolinae 1961 
910 |a svkkk 
998 |a BK 
090 |g SCKHL  |k Sklad Pribinova 1. posch.  |a IV.31839  |j 336054  |i 463551-10  |s Povinný výt.